Ngữ pháp tiếng Việt, tập 2

محفوظ في:
التفاصيل البيبلوغرافية
التنسيق: كتاب
منشور في: 2006
الوسوم: إضافة وسم
لا توجد وسوم, كن أول من يضع وسما على هذه التسجيلة!
Thư viện lưu trữ: Mạng thư viện Đại học Đà Nẵng
LEADER 00449nam a22001811a 4500
001 000039211
003 15506
005 20160412021932.0
008 160412s2006 000
082 |a 4V(TK)876-80 
245 |a Ngữ pháp tiếng Việt, tập 2  |c Diệp Quang Ban 
260 |c 2006 
OWN |a LNN 
999 |a From the UDN01 
TYP |a Monograph 
980 |a Mạng thư viện Đại học Đà Nẵng